Countries and Territories/Dependencies of the World Quiz - Statistics

General Stats
  • This quiz has been taken 707 times
    704 since last reset
  • The average score is 169 of 280
Answer Stats
Hint Answer % Correct
UN member United States
81%
UN member Afghanistan
78%
UN member Canada
75%
Overseas Department French Guiana
75%
UN member Mexico
75%
UN member Andorra
74%
UN member Argentina
74%
UN member United Kingdom
74%
UN member Albania
73%
UN member Armenia
73%
UN member Angola
72%
Dependent Territory Aruba
72%
UN member Australia
72%
UN member Austria
72%
UN member Brazil
72%
UN member France
72%
UN member Algeria
71%
UN member Guatemala
71%
UN observer Palestine
71%
UN member Antigua and Barbuda
70%
UN member Azerbaijan
70%
UN member Bahamas
70%
UN member Chile
70%
UN member Costa Rica
70%
UN member Denmark
70%
UN member Finland
70%
UN member Israel
70%
Partially recognized Kosovo
70%
UN member Panama
70%
Overseas Territory American Samoa
69%
UN member Belize
69%
UN member Bolivia
69%
UN member China
69%
UN member Colombia
69%
UN member Cuba
69%
UN member Dominica
69%
UN member Dominican Republic
69%
UN member Germany
69%
Dependent Territory Greenland
69%
UN member Netherlands
69%
UN member North Korea
69%
UN member Norway
69%
UN member Paraguay
69%
UN member South Korea
69%
UN member Sweden
69%
Overseas Territory Anguilla
68%
UN member Belgium
68%
UN member Cyprus
68%
UN member El Salvador
68%
UN member Estonia
68%
UN member Guyana
68%
UN member Honduras
68%
UN member Ireland
68%
UN member Italy
68%
UN member Latvia
68%
UN member Romania
68%
UN member Russia
68%
UN member Uruguay
68%
UN member Bahrain
67%
UN member Belarus
67%
Overseas Territory Bermuda
67%
UN member Bosnia and Herzegovina
67%
UN member Croatia
67%
UN member Democratic Republic of the Congo
67%
UN member Ecuador
67%
UN member Greece
67%
UN member Haiti
67%
UN member Iceland
67%
UN member India
67%
UN member Indonesia
67%
UN member Iran
67%
UN member Jamaica
67%
UN member Japan
67%
UN member Lithuania
67%
UN member Luxembourg
67%
UN member Nicaragua
67%
UN member Peru
67%
UN member Portugal
67%
UN member Qatar
67%
UN member Saint Lucia
67%
UN member Saint Vincent and the Grenadines
67%
UN member Slovenia
67%
UN member Spain
67%
UN member Sudan
67%
UN observer Vatican City
67%
UN member Venezuela
67%
UN member Barbados
66%
Overseas Territory Cayman Islands
66%
UN member Chad
66%
UN member Egypt
66%
UN member Grenada
66%
UN member Iraq
66%
UN member Kyrgyzstan
66%
UN member Laos
66%
UN member Libya
66%
UN member Liechtenstein
66%
UN member Malta
66%
UN member Moldova
66%
UN member Niger
66%
UN member Oman
66%
UN member San Marino
66%
UN member Saudi Arabia
66%
UN member Serbia
66%
UN member Slovakia
66%
UN member Somalia
66%
UN member South Sudan
66%
UN member Suriname
66%
UN member Tajikistan
66%
UN member Ukraine
66%
Overseas Territory US Virgin Islands
66%
UN member Yemen
66%
UN member Zambia
66%
UN member Bangladesh
65%
UN member Benin
65%
UN member Bulgaria
65%
UN member Cambodia
65%
UN member Czech Republic
65%
UN member Eswatini
65%
Dependent Territory Faroe Islands
65%
Overseas Territory Guam
65%
UN member Hungary
65%
UN member Kuwait
65%
UN member Lesotho
65%
UN member Mongolia
65%
UN member Morocco
65%
UN member Myanmar
65%
UN member New Zealand
65%
UN member Nigeria
65%
UN member North Macedonia
65%
UN member Pakistan
65%
UN member Poland
65%
UN member Republic of the Congo
65%
UN member Samoa
65%
UN member Switzerland
65%
Partially recognized Taiwan
65%
UN member Uzbekistan
65%
UN member Vietnam
65%
UN member Zimbabwe
65%
UN member Bhutan
64%
UN member East Timor
64%
Overseas Territory French Polynesia
64%
UN member Gambia
64%
UN member Georgia
64%
UN member Ghana
64%
UN member Guinea
64%
UN member Kazakhstan
64%
UN member Lebanon
64%
UN member Malaysia
64%
UN member Nepal
64%
UN member Palau
64%
UN member Singapore
64%
UN member South Africa
64%
UN member Tunisia
64%
UN member Turkey
64%
UN member Turkmenistan
64%
UN member United Arab Emirates
64%
UN member Botswana
63%
UN member Brunei
63%
UN member Burundi
63%
UN member Cameroon
63%
UN member Central African Republic
63%
Dependent Territory Curaçao
63%
Overseas Territory Falkland Islands
63%
UN member Fiji
63%
Overseas Territory Gibraltar
63%
UN member Ivory Coast
63%
UN member Jordan
63%
UN member Madagascar
63%
UN member Maldives
63%
UN member Monaco
63%
UN member Montenegro
63%
UN member Namibia
63%
UN member Papua New Guinea
63%
UN member Rwanda
63%
UN member Saint Kitts and Nevis
63%
UN member Syria
63%
UN member Thailand
63%
UN member Togo
63%
UN member Trinidad and Tobago
63%
UN member Cape Verde
62%
UN member Comoros
62%
UN member Djibouti
62%
UN member Equatorial Guinea
62%
UN member Eritrea
62%
UN member Ethiopia
62%
UN member Federated States of Micronesia
62%
UN member Kenya
62%
UN member Mozambique
62%
UN member Nauru
62%
Overseas Territory Puerto Rico
62%
UN member Vanuatu
62%
UN member Gabon
61%
UN member Guinea-Bissau
61%
UN member Kiribati
61%
UN member Malawi
61%
UN member Mali
61%
Overseas Territory Martinique
61%
UN member Mauritius
61%
UN member Seychelles
61%
UN member Sierra Leone
61%
UN member Solomon Islands
61%
UN member Sri Lanka
61%
UN member Tanzania
61%
UN member Tonga
61%
UN member Tuvalu
61%
UN member Burkina Faso
60%
Overseas Territory Guadeloupe
60%
Special Administrative Region Hong Kong
60%
UN member Marshall Islands
60%
UN member Mauritania
60%
Overseas Territory Montserrat
60%
Overseas Territory Saint Martin
60%
UN member Senegal
60%
Overseas Territory British Virgin Islands
59%
Dependency Guernsey
59%
Dependency Isle of Man
59%
UN member Liberia
59%
Overseas Territory New Caledonia
59%
Overseas Territory Northern Mariana Islands
59%
UN member Uganda
59%
Dependency Jersey
58%
Free Association Niue
58%
UN member Philippines
58%
UN member São Tomé and Príncipe
58%
Overseas Territory Bonaire
57%
Free Association Cook Islands
57%
Special Administrative Region Macau
57%
Overseas Territory Réunion
57%
Overseas Territory Mayotte
55%
Partially recognized Northern Cyprus
55%
Overseas Territory Saint Helena
54%
Partially recognized South Ossetia
54%
Dependent Territory Tokelau
54%
Overseas Territory Turks and Caicos Islands
53%
Overseas Territory Cocos Islands
52%
Dependent Territory Sint Maarten
52%
Overseas Territory Svalbard
52%
Overseas Territory Norfolk Island
51%
Overseas Territory Saint Pierre and Miquelon
51%
Partially recognized Somaliland
51%
Overseas Territory Christmas Islands
50%
Overseas Territory Pitcairn Islands
50%
Overseas Territory Saint Barthélemy
50%
Partially recognized Transnistria
50%
Overseas Territory British Indian Ocean Territory
49%
Overseas Territory Saba
47%
Overseas Territory Wallis and Futuna
46%
Constituent Country Northern Ireland
44%
Constituent Country Scotland
43%
Constituent Country Wales
43%
Overseas Territory Sint Eustatius
42%
Overseas Territory Azores
41%
Constituent Country England
41%
Partially recognized Artsakh
40%
Overseas Territory Åland Islands
39%
Overseas Territory Ascension
39%
Overseas Territory Jan Mayen
38%
Overseas Territory Akrotiri and Dhekelia
37%
Overseas Territory Canary Islands
37%
Overseas Territory Tristan da Cunha
36%
Overseas Territory Wake Island
36%
Overseas Territory Clipperton Island
33%
Overseas Territory Bouvet Island
32%
Overseas Territory Ashmore and Cartier Islands
31%
Overseas Territory Jarvis Island
30%
Overseas Territory Navassa Island
30%
Overseas Territory Johnston Atoll
28%
Overseas Territory Kingman Reef
28%
Overseas Territory Palmyra Atoll
27%
Overseas Territory South Georgia and South Sandwich Islands
26%
Overseas Territory Midway Islands
24%
Partially recognized Abhkazia
22%
Overseas Territory Heard and McDonald Islands
22%
Partially recognized Sahrawi Arab Democratic Republic
17%
Overseas Territory Madeira Island
15%
Overseas Territory Spratly Islands
13%
Overseas Territory Baker and Howland Islands
10%
Overseas Territory Coral Sea Islands Territory
10%
Overseas Territory Paracel Islands
10%
Overseas Territory Peter Island
9%
No matching quizzes found
Score Distribution
Percent of People with Each Score
Percentile by Number Answered
Your Score History
You have not taken this quiz since the last reset